000 00438nam a2200169Ia 4500
003 GCL
008 140319s9999 xx 000 0 eng d
040 _aGCL /
_cGCL
082 0 4 _a946.9
_bB A
100 1 _aBIRMINGHAM, DAVID
245 1 0 _aA CONCIS HISTORY OF PORTUGAL /
_cBIRMINGHAM, DAVID
260 _a[S.N] :
_bCAMBRIDGE UNIVERSITY PRESS ،
_c1993
300 _a209 P
650 0 4 _aHISTORY
650 0 4 _aPORTUGAL
942 _2ddc
_cBK
999 _c24421
_d24421